000 00280nam a2200085Ia 4500
245 0 _aCases in public administration and management : a South African perspective
100 _a Maserumule, M H Sandown, 2004
_931092
942 _cBK
008 210817s9999 xx 000 0 und d
999 _c115584
_d115583